000 00459nam a2200157Ia 4500
005 20250508151240.0
008 008 250505s9999 xx 000 0 eng d
037 _aBooks to be hide in OPAC
040 _aFEDL
_beng
_cFEDL
041 _aeng
_2eng
084 _a312.954, CEN/O
_qFEDL
245 0 _aCensus of India. Paper No. 4, 1953: Special groups-1951 census.
300 _a47p
942 _cHB
_h312.954, CEN/O
999 _c1328619
_d1328619